[Event "Najdorf Mem Open A 2016"]
[Site "Warsaw POL"]
[Date "2016.07.09"]
[Round "2.1"]
[White "Svane, Rasmus"]
[Black "Piorun, Kacper"]
[Result "0-1"]
[WhiteTitle "IM"]
[BlackTitle "GM"]
[WhiteElo "2549"]
[BlackElo "2685"]
[WhiteFideId "4657101"]
[BlackFideId "1130420"]
[EventDate "2016.07.08"]

1. Nf3 c5 2. c4 Nc6 3. d4 cxd4 4. Nxd4 Nf6 5. Nc3 g6 6. e4 d6 7. Be2 Bg7 8. Be3
O-O 9. O-O Bd7 10. Nc2 Qa5 11. f4 Rfc8 12. Rb1 Qd8 13. Qd2 a6 14. b3 b5 15. a3
bxc4 16. bxc4 Rcb8 17. c5 Qa5 18. cxd6 exd6 19. Rxb8+ Rxb8 20. Rb1 Rxb1+ 21.
Nxb1 Nxe4 22. Qxa5 Nxa5 23. Bxa6 Nc5 24. Bxc5 dxc5 25. Nd2 Bb2 26. Nc4 Nxc4 27.
Bxc4 Ba4 28. Ne1 Kg7 29. Nd3 Bd4+ 30. Kf1 h5 31. g3 f6 32. h4 Bd7 33. Ke2 Kf8
34. Kd2 Ke7 35. Ke2 Kd6 36. Bf7 Bf5 37. a4 Bc3 38. Bc4 Bg4+ 39. Ke3 Kc6 40. Bf7
Bf5 41. Nc1 Be1 42. Kf3 Kb6 43. Bc4 Ka5 44. Nd3 Bc3 45. Bb5 Bd4 46. Ke2 Be6 47.
Ne1 Bg4+ 48. Nf3 Kb4 49. Be8 c4 50. Bxg6 Bb6 51. Be4 Ka3 52. a5 Bxa5 53. Ke3
Bb6+ 54. Kd2 Kb2 55. Nh2 c3+ 56. Ke1 c2 57. Bxc2 Kxc2 58. Kf1 Bh3+ 59. Ke1 Kd3
60. Nf3 Ke3 0-1

[Event "Najdorf Mem Open A 2016"]
[Site "Warsaw POL"]
[Date "2016.07.09"]
[Round "2.2"]
[White "Indjic, Aleksandar"]
[Black "Kovalenko, Igor"]
[Result "0-1"]
[WhiteTitle "GM"]
[BlackTitle "GM"]
[WhiteElo "2547"]
[BlackElo "2667"]
[WhiteFideId "911925"]
[BlackFideId "14117908"]
[EventDate "2016.07.08"]

1. d4 e6 2. Nf3 c5 3. e4 cxd4 4. Nxd4 Nc6 5. Nb5 d6 6. Bf4 e5 7. Be3 Be7 8. c4
Nf6 9. f3 O-O 10. N1c3 a6 11. Na3 Be6 12. Be2 Rc8 13. O-O Nd4 14. Bd3 Qb6 15.
Qd2 Nh5 16. Rf2 h6 17. Nc2 Bg5 18. Bxg5 Nxc2 19. Qxc2 hxg5 20. b3 Qe3 21. g3 b5
22. Nd5 Bxd5 23. exd5 Nf6 24. Qd2 Qxd2 25. Rxd2 bxc4 26. Bxc4 a5 27. g4 e4 28.
Kf2 g6 29. h3 Kg7 30. Re1 Rh8 31. Bf1 exf3 32. Kxf3 Rc7 33. Rd4 Nd7 34. Rc4 Rxc4
35. bxc4 Kf6 36. Rb1 Nc5 37. Rb5 a4 38. Rb6 Ke5 39. Rb1 f5 40. Re1+ Kf6 41. Rb1
Re8 42. Rb6 Ke5 43. Ke3 Rf8 44. Be2 Rd8 45. Rb1 Rh8 0-1

[Event "Najdorf Mem Open A 2016"]
[Site "Warsaw POL"]
[Date "2016.07.09"]
[Round "2.3"]
[White "Nakar, Eylon"]
[Black "Efimenko, Zahar"]
[Result "0-1"]
[WhiteTitle "IM"]
[BlackTitle "GM"]
[WhiteElo "2494"]
[BlackElo "2655"]
[WhiteFideId "2811111"]
[BlackFideId "14107201"]
[EventDate "2016.07.08"]

1. d4 Nf6 2. c4 d6 3. Nc3 Bf5 4. Nf3 g6 5. g3 Ne4 6. Nxe4 Bxe4 7. Bh3 Bg7 8. O-O
Bxf3 9. exf3 O-O 10. Be3 Nd7 11. f4 Nb6 12. b3 e6 13. Rc1 c6 14. Qd2 a5 15. Rfd1
d5 16. Bf1 Nc8 17. Qc2 Nd6 18. Bd3 Nf5 19. Bxf5 exf5 20. cxd5 Qxd5 21. Qc4 Rfd8
22. Qxd5 Rxd5 23. Rc5 Rad8 24. Rxd5 Rxd5 25. Rd2 Kf8 26. Kf1 Ke7 27. a4 Ke6 28.
Ke2 Rd8 29. Kd3 Kd5 30. Rc2 b6 31. Rc4 Bf8 32. Bd2 Bd6 33. Rc1 Re8 34. Re1 Re4
35. Be3 Bb4 36. Rc1 h5 37. Rg1 Re8 38. h3 Be7 39. Re1 Bf6 40. Rc1 h4 41. gxh4
Bxh4 42. Rb1 Be7 43. Rg1 Rh8 44. Rg3 Bf6 45. Rf3 b5 46. Rg3 bxa4 47. bxa4 Rb8
48. Rg1 Rb4 49. Rc1 Bxd4 0-1

[Event "Najdorf Mem Open A 2016"]
[Site "Warsaw POL"]
[Date "2016.07.09"]
[Round "2.4"]
[White "Areshchenko, Alexander"]
[Black "Dastan, Muhammed Batuhan"]
[Result "1-0"]
[WhiteTitle "GM"]
[BlackTitle "IM"]
[WhiteElo "2654"]
[BlackElo "2480"]
[WhiteFideId "14109530"]
[BlackFideId "6300014"]
[EventDate "2016.07.08"]

1. e4 c5 2. Nf3 d6 3. Bb5+ Nd7 4. O-O Nf6 5. Re1 a6 6. Bd3 g6 7. c3 Bg7 8. Bc2
O-O 9. d4 e5 10. dxe5 dxe5 11. a4 b6 12. c4 Nh5 13. Nc3 Nf4 14. a5 b5 15. cxb5
axb5 16. Nxb5 Rxa5 17. Rxa5 Qxa5 18. Nd6 Qc7 19. Bxf4 exf4 20. e5 Bb7 21. Nxb7
Qxb7 22. e6 fxe6 23. Ng5 Rb8 24. Rxe6 Nf8 25. Re4 Bf6 26. h4 Qxb2 27. Qd5+ Kh8
28. Qxc5 Qb5 29. Qd6 Qb6 30. Qxf4 Bb2 31. Nf7+ Kg7 32. Nd6 Kh8 33. Re7 Qb4 34.
Be4 Qe1+ 35. Kh2 Qb4 36. g3 Bd4 37. Bd5 Bc3 38. Qf7 1-0

[Event "Najdorf Mem Open A 2016"]
[Site "Warsaw POL"]
[Date "2016.07.09"]
[Round "2.5"]
[White "Tabatabaei, M.amin"]
[Black "Zhigalko, Sergei"]
[Result "1/2-1/2"]
[WhiteTitle "IM"]
[BlackTitle "GM"]
[WhiteElo "2481"]
[BlackElo "2653"]
[WhiteFideId "12521213"]
[BlackFideId "13502956"]
[EventDate "2016.07.08"]

1. e4 c5 2. Nf3 d6 3. Bb5+ Nd7 4. a4 Nf6 5. d3 a6 6. Bc4 e6 7. O-O b6 8. Nc3 Bb7
9. Re1 Be7 10. h3 O-O 11. Bf4 Qc7 12. Qe2 Rfe8 13. Bg3 h6 14. Qe3 Qc6 15. Ba2
Bf8 16. d4 cxd4 17. Nxd4 Qc5 18. Rad1 Qb4 19. Nb3 e5 20. Re2 Nh5 21. Nd2 Rac8
22. Rb1 Ndf6 23. Bh2 Nf4 24. Bxf4 exf4 25. Qd3 Nd7 26. Nd5 Qxa4 27. Bb3 Qc6 28.
Qf3 Nc5 29. Bc4 b5 30. Ba2 Ne6 31. c3 a5 32. Nxf4 b4 33. Qg4 Nxf4 34. Qxf4 Qd7
35. cxb4 axb4 36. Nf3 g5 37. Qd2 Rxe4 38. Rbe1 Rxe2 39. Qxe2 Bg7 40. Qe7 Qxe7
41. Rxe7 Rc1+ 42. Kh2 Bxf3 43. gxf3 Rc2 44. Bxf7+ Kf8 45. Rb7 Be5+ 46. Kg2 Rxb2
47. Be6 Ke8 48. Rh7 Rb1 49. Rb7 Bf4 50. Bf5 Rb2 51. Be6 Be5 52. Rh7 Bd4 53. Kg3
Bxf2+ 54. Kg4 Bd4 55. Rxh6 b3 56. Bxb3 Rxb3 57. Rxd6 Bc5 58. Re6+ Be7 59. Re4
Kf7 60. f4 Rb5 61. fxg5 Rxg5+ 62. Kf3 Bf6 63. Rc4 Ra5 64. Rc2 Ra3+ 65. Ke2 Rxh3
66. Rc7+ Ke6 67. Rc6+ Kf5 68. Rc4 Ke5 69. Rc6 Be7 70. Rc4 Kd5 71. Rc2 Bc5 72.
Kd2 Bd4 73. Ke2 Ke4 74. Kd2 Rh1 75. Ke2 Rg1 76. Kd2 Ra1 77. Ke2 Ra3 78. Kd2 Be3+
79. Ke2 Bf4 80. Rc4+ Kf5 81. Kd1 Rh3 82. Ke2 Ke5 83. Rc5+ Kd4 84. Rc2 Be3 85.
Kd1 Kd3 86. Rd2+ Ke4 87. Rc2 Kf3 88. Ra2 Ke4 89. Rc2 Rg3 90. Ke2 Bd4 91. Kd2 Ra3
92. Rc4 Ra2+ 93. Rc2 Be3+ 94. Kd1 Ra3 95. Ke2 Bd4 96. Kd2 Rh3 97. Ke2 Bc3 98.
Kd1 Kd3 99. Rd2+ Kc4 100. Rg2 Re3 101. Re2 Rd3+ 102. Kc2 Bd4 103. Re4 Ra3 104.
Re2 Ra1 105. Kd2 Ra3 106. Kc2 Be3 107. Kd1 Kd4 108. Rc2 Kd3 109. Rd2+ Ke4 110.
Rb2 Rc3 111. Rc2 Ra3 112. Ke2 Bd4 113. Kd2 Re3 114. Rc4 Rh3 115. Rc2 1/2-1/2

[Event "Najdorf Mem Open A 2016"]
[Site "Warsaw POL"]
[Date "2016.07.09"]
[Round "2.6"]
[White "Jones, Gawain C B"]
[Black "Puranik, Abhimanyu"]
[Result "0-1"]
[WhiteTitle "GM"]
[BlackTitle "IM"]
[WhiteElo "2650"]
[BlackElo "2475"]
[WhiteFideId "409561"]
[BlackFideId "5061245"]
[EventDate "2016.07.08"]

1. e4 e6 2. d4 d5 3. Nc3 Bb4 4. Ne2 dxe4 5. a3 Be7 6. Nxe4 Nf6 7. N2c3 O-O 8.
Be3 Nc6 9. Bb5 Nxe4 10. Nxe4 f5 11. Bxc6 bxc6 12. Nc3 f4 13. Bd2 Qxd4 14. Qe2
Rb8 15. Nd1 Rf5 16. Bc3 Qd5 17. f3 Rb6 18. Nf2 Ba6 19. Nd3 Bh4+ 20. Kd2 Bxd3 21.
Qxd3 Rg5 22. Rad1 Rxg2+ 23. Kc1 Qa2 24. b3 Rxb3 25. cxb3 Qxa3+ 26. Kb1 Qxb3+ 27.
Kc1 Be7 28. Qd8+ Bxd8 29. Rxd8+ Kf7 30. Rd7+ Ke8 0-1

[Event "Najdorf Mem Open A 2016"]
[Site "Warsaw POL"]
[Date "2016.07.09"]
[Round "2.7"]
[White "Smirnov, Anton"]
[Black "Bartel, Mateusz"]
[Result "0-1"]
[WhiteTitle "IM"]
[BlackTitle "GM"]
[WhiteElo "2478"]
[BlackElo "2649"]
[WhiteFideId "3208923"]
[BlackFideId "1112635"]
[EventDate "2016.07.08"]

1. d4 f5 2. c4 Nf6 3. Nc3 d6 4. g3 g6 5. Bg2 Bg7 6. Nf3 O-O 7. O-O c6 8. Rb1 a5
9. Qb3 Kh8 10. d5 Na6 11. Be3 c5 12. Rbd1 Rb8 13. a4 Nb4 14. Ng5 h6 15. Ne6 Bxe6
16. dxe6 Qc8 17. Bd5 Nfxd5 18. cxd5 c4 19. Qa3 Nc2 20. Qa2 Nxe3 21. fxe3 Qc5 22.
Rf3 g5 23. Kg2 g4 24. Rf2 Rbc8 25. e4 fxe4 26. Rxf8+ Rxf8 27. Nxe4 Qb4 28. Qa3
Bxb2 29. Qe3 Bg7 30. h3 gxh3+ 31. Kxh3 Qxa4 32. Rb1 c3 33. Rxb7 Qd1 34. Kh2 c2
35. Rc7 Qxd5 36. Nf2 Qd4 37. Qxd4 Bxd4 38. Nd3 a4 39. Rc4 Ra8 40. Nc1 Bb2 0-1

[Event "Najdorf Mem Open A 2016"]
[Site "Warsaw POL"]
[Date "2016.07.09"]
[Round "2.8"]
[White "Melkumyan, Hrant"]
[Black "Meskovs, Nikita"]
[Result "1-0"]
[WhiteTitle "GM"]
[BlackTitle "IM"]
[WhiteElo "2640"]
[BlackElo "2469"]
[WhiteFideId "13302485"]
[BlackFideId "11602740"]
[EventDate "2016.07.08"]

1. Nf3 Nf6 2. c4 g6 3. Nc3 Bg7 4. d4 O-O 5. Bg5 c5 6. d5 d6 7. e3 Na6 8. Be2 Nc7
9. O-O h6 10. Bh4 g5 11. Bg3 Nh5 12. Qc2 f5 13. Nd2 Qe8 14. Rae1 Bd7 15. f4 Nxg3
16. hxg3 g4 17. Bd3 Qh5 18. Rf2 e5 19. dxe6 Bxe6 20. Nf1 Qf7 21. Rd1 Rad8 22.
Rfd2 b5 23. cxb5 d5 24. Ne2 Qe7 25. Qa4 Na8 26. Qa3 Rd7 27. Rc1 Rc7 28. b4 c4
29. Bb1 Nb6 30. Nd4 Bd7 31. Rdd1 Rf6 32. Bc2 h5 33. Qc3 Nc8 34. Qd2 Rf7 35. a4
Nb6 36. a5 c3 37. Qe1 Nc4 38. Qxc3 Bxb5 39. Qe1 Bd7 40. Bb3 Bf8 41. b5 Qf6 42.
Qe2 Bb4 43. a6 Qb6 44. Rxc4 dxc4 45. Bxc4 Bc5 46. Bxf7+ Kxf7 47. Qa2+ Be6 48.
Nxe6 Qxe6 49. Rd5 Kg6 50. Qd2 Be7 51. Qd4 Bf6 52. Qd3 Rc3 53. Qd2 Qe4 54. Qd1
Qc4 55. Rd6 Rc1 56. Qd3 Qxd3 57. Rxd3 Rb1 58. Rd5 h4 59. gxh4 g3 60. h5+ Kf7 61.
Rxf5 Ke6 62. b6 Bc3 63. Rg5 Be1 64. Rxg3 Bxg3 65. bxa7 1-0

[Event "Najdorf Mem Open A 2016"]
[Site "Warsaw POL"]
[Date "2016.07.09"]
[Round "2.9"]
[White "Socko, Monika"]
[Black "Gupta, Abhijeet"]
[Result "0-1"]
[WhiteTitle "GM"]
[BlackTitle "GM"]
[WhiteElo "2462"]
[BlackElo "2630"]
[WhiteFideId "1106619"]
[BlackFideId "5010608"]
[EventDate "2016.07.08"]

1. e4 c5 2. Nf3 d6 3. d4 cxd4 4. Qxd4 Nc6 5. Bb5 Bd7 6. Qd3 Nf6 7. c4 g6 8. Nc3
Bg7 9. O-O O-O 10. h3 Rc8 11. Be3 a6 12. Bxc6 Bxc6 13. Rfd1 Nd7 14. Bd4 Bxd4 15.
Nxd4 Ne5 16. Qe2 Bd7 17. b3 b5 18. f4 Nc6 19. Nd5 Nxd4 20. Rxd4 bxc4 21. Rxc4
Rxc4 22. Qxc4 e6 23. Ne3 Qh4 24. e5 dxe5 25. fxe5 Qxc4 26. bxc4 Rc8 27. Rd1 Ba4
28. Rd6 a5 29. Kf2 Rc5 30. Kf3 Rxe5 31. Rd8+ Kg7 32. Rc8 g5 33. Ke2 f5 34. Kd3
h5 35. Kd4 Re4+ 36. Kd3 Rf4 37. Rc5 Rf2 38. g4 f4 39. Rxg5+ Kf6 40. Rxh5 fxe3
41. Kxe3 Rh2 42. Rxa5 Rxh3+ 43. Kf4 Bc2 44. Ra6 Rc3 45. g5+ Kf7 46. Ke5 Bf5 47.
Kd4 Rd3+ 48. Ke5 Kg6 49. Rd6 Re3+ 50. Kd4 Ra3 51. c5 Rxa2 52. Rb6 Rd2+ 53. Kc4
Rc2+ 54. Kb5 Kxg5 0-1

[Event "Najdorf Mem Open A 2016"]
[Site "Warsaw POL"]
[Date "2016.07.09"]
[Round "2.10"]
[White "Khairullin, Ildar"]
[Black "Romanishin, Oleg M"]
[Result "1/2-1/2"]
[WhiteTitle "GM"]
[BlackTitle "GM"]
[WhiteElo "2629"]
[BlackElo "2433"]
[WhiteFideId "4151348"]
[BlackFideId "14100088"]
[EventDate "2016.07.08"]

1. e4 e5 2. Nf3 Nc6 3. Bb5 a6 4. Ba4 Nf6 5. O-O Be7 6. Re1 b5 7. Bb3 d6 8. c3
O-O 9. h3 a5 10. d4 a4 11. Bc2 Bd7 12. Na3 Rb8 13. Bd3 b4 14. Nc2 bxc3 15. bxc3
Re8 16. d5 Na5 17. Ba3 c6 18. c4 Qc7 19. Rc1 c5 20. Ne3 g6 21. Nd2 Nh5 22. Nb1
Nf4 23. Bf1 Ra8 24. Nc3 Reb8 25. Rb1 Rxb1 26. Qxb1 h5 27. Qc2 Qd8 28. Rb1 Bf8
29. Kh2 h4 30. Be2 1/2-1/2

[Event "Najdorf Mem Open A 2016"]
[Site "Warsaw POL"]
[Date "2016.07.09"]
[Round "2.11"]
[White "Lauber, Arnd"]
[Black "Perunovic, Milos"]
[Result "1/2-1/2"]
[WhiteTitle "IM"]
[BlackTitle "GM"]
[WhiteElo "2444"]
[BlackElo "2627"]
[WhiteFideId "4632630"]
[BlackFideId "921629"]
[EventDate "2016.07.08"]

1. d4 d5 2. c4 c6 3. Nc3 Nf6 4. e3 e6 5. Nf3 Nbd7 6. Qc2 Bd6 7. b3 O-O 8. Be2 b6
9. O-O Bb7 10. Bb2 Qe7 11. Rad1 Rad8 12. Rfe1 Rfe8 13. Bf1 e5 14. dxe5 Nxe5 15.
Nxe5 Bxe5 16. cxd5 cxd5 17. Nb5 Rc8 18. Qe2 Ba6 19. Bxe5 Qxe5 20. Qd2 Bxb5 21.
Bxb5 Re7 22. Rc1 Rec7 23. Rxc7 Rxc7 24. Rc1 Rxc1+ 25. Qxc1 g6 1/2-1/2

[Event "Najdorf Mem Open A 2016"]
[Site "Warsaw POL"]
[Date "2016.07.09"]
[Round "2.12"]
[White "Dragun, Kamil"]
[Black "Nguyen, Piotr"]
[Result "1/2-1/2"]
[WhiteTitle "GM"]
[BlackTitle "IM"]
[WhiteElo "2623"]
[BlackElo "2430"]
[WhiteFideId "1134167"]
[BlackFideId "1127993"]
[EventDate "2016.07.08"]

1. d4 f5 2. c4 Nf6 3. Nc3 d6 4. Nf3 g6 5. g3 Bg7 6. Bg2 O-O 7. O-O Nc6 8. d5 Ne5
9. Nxe5 dxe5 10. c5 Kh8 11. Qb3 h6 12. Rd1 g5 13. Qc4 a6 14. b4 Qe8 15. Bb2 e4
16. f3 c6 17. fxe4 Ng4 18. Na4 cxd5 19. Bxg7+ Kxg7 20. Qc3+ d4 21. Rxd4 e5 22.
Nb6 exd4 23. Qxd4+ Kh7 24. Nxa8 f4 25. Qd6 Rf6 26. Qc7+ Rf7 27. Qd6 Rd7 28. Qb8
Qd8 29. Rf1 Ne3 30. Nb6 Nxf1 31. Nxd7 Qxd7 32. Kxf1 Qd1+ 33. Kf2 Qd4+ 34. Kf1
Qd1+ 35. Kf2 Qd4+ 36. Kf1 Qd1+ 37. Kf2 Qd4+ 1/2-1/2

[Event "Najdorf Mem Open A 2016"]
[Site "Warsaw POL"]
[Date "2016.07.09"]
[Round "2.13"]
[White "Sieciechowicz, Marcin"]
[Black "Fier, Alexandr"]
[Result "1/2-1/2"]
[WhiteTitle "IM"]
[BlackTitle "GM"]
[WhiteElo "2430"]
[BlackElo "2616"]
[WhiteFideId "1130170"]
[BlackFideId "2107139"]
[EventDate "2016.07.08"]

1. d4 Nf6 2. c4 e6 3. Nf3 c5 4. d5 exd5 5. cxd5 d6 6. Nc3 g6 7. Bf4 Bg7 8. h3
O-O 9. e3 Na6 10. Be2 Nc7 11. a4 a6 12. O-O Rb8 13. e4 Re8 14. e5 Nh5 15. Bg5 f6
16. exd6 Qxd6 17. Be3 Ng3 18. Re1 Nxe2+ 19. Rxe2 b5 20. axb5 axb5 21. Qd2 g5 22.
Qe1 Bd7 23. Nd2 Nxd5 24. Nde4 Qc6 25. Nxd5 Rxe4 26. Qd1 Rbe8 27. Ra7 Bc8 28. Rc7
Qe6 29. Rxc5 Qd6 30. Rc7 Kh8 31. Bc5 Qe5 32. Rxe4 Qxe4 33. Re7 Qg6 34. Nc7 Rg8
35. Nxb5 Bf8 36. Rc7 Bxc5 37. Rxc5 g4 38. Qc2 Qxc2 39. Rxc2 gxh3 40. g3 Rd8 1/2-1/2

[Event "Najdorf Mem Open A 2016"]
[Site "Warsaw POL"]
[Date "2016.07.09"]
[Round "2.14"]
[White "Skliarov, Viktor"]
[Black "Neiksans, Arturs"]
[Result "0-1"]
[WhiteTitle "FM"]
[BlackTitle "GM"]
[WhiteElo "2429"]
[BlackElo "2614"]
[WhiteFideId "14106736"]
[BlackFideId "11601388"]
[EventDate "2016.07.08"]

1. e4 c5 2. Nf3 e6 3. d4 cxd4 4. Nxd4 Nc6 5. Nc3 Qc7 6. Be3 a6 7. Be2 Nf6 8. O-O
Bb4 9. Na4 Be7 10. Nxc6 bxc6 11. Nb6 Rb8 12. Nxc8 Qxc8 13. e5 Nd5 14. Bc1 Bc5
15. Qd3 O-O 16. c4 Ne7 17. b3 Qc7 18. Bb2 Ng6 19. Qe4 a5 20. Bc3 Bb4 21. Bd4 d6
22. exd6 Bxd6 23. g3 c5 24. Bc3 Be5 25. Rac1 Bxc3 26. Rxc3 Ne7 27. Bd3 g6 28.
Qe3 Rfd8 29. Be4 Rd4 30. Rd3 Rxd3 31. Qxd3 Rd8 32. Qe2 Qd6 33. Re1 Qd4 34. Kg2
Qc3 35. Rd1 Rd4 36. Rd3 Rxd3 37. Qxd3 Qxd3 38. Bxd3 Nc6 39. Kf3 f5 40. Ke3 Kf7
41. f4 Kf6 42. h4 e5 43. Be2 h6 44. Bf3 Nd4 45. Bd1 g5 46. hxg5+ hxg5 47. fxg5+
Kxg5 48. a3 Kf6 49. Kd3 e4+ 50. Kc3 Nc6 51. Bh5 Ke5 52. Be8 Nd4 53. Bh5 Nc6 54.
Be8 Kd6 55. Bg6 Nd4 56. Bh5 Ke5 57. Bd1 Ne6 58. Be2 e3 59. Kd3 f4 60. gxf4+ Kxf4
61. Bd1 Nd8 62. b4 axb4 63. axb4 cxb4 64. c5 Nc6 65. Bh5 Ne5+ 66. Kc2 Kg3 67.
Kb3 Nc6 68. Kc4 Kf2 69. Kd3 Ne5+ 70. Kd4 Nf3+ 71. Bxf3 Kxf3 72. c6 e2 73. c7
e1=Q 74. c8=Q Qe4+ 0-1

[Event "Najdorf Mem Open A 2016"]
[Site "Warsaw POL"]
[Date "2016.07.09"]
[Round "2.15"]
[White "Krasenkow, Michal"]
[Black "Yilmazyerli, Mert"]
[Result "1-0"]
[WhiteTitle "GM"]
[BlackTitle "IM"]
[WhiteElo "2614"]
[BlackElo "2424"]
[WhiteFideId "1113100"]
[BlackFideId "6305962"]
[EventDate "2016.07.08"]

1. d4 g6 2. e4 Bg7 3. c4 d6 4. Nc3 e5 5. Nge2 Nc6 6. Be3 Nh6 7. d5 Ne7 8. f3 f5
9. Qd2 Nf7 10. O-O-O O-O 11. Kb1 c5 12. dxc6 bxc6 13. c5 d5 14. exd5 cxd5 15.
Nxd5 f4 16. Bf2 Bf5+ 17. Ka1 Nxd5 18. Qxd5 e4 19. fxe4 Bxe4 20. Qxd8 Rfxd8 21.
Nd4 Ne5 22. Be2 Bxg2 23. Ne6 f3 24. Ba6 Rxd1+ 25. Rxd1 Bh8 26. Bb7 Rb8 27. Bd5
Ng4 28. Ng5+ Kf8 29. Bd4 Bxd4 30. Rxd4 Re8 31. Ne6+ Rxe6 32. Bxe6 f2 33. Rf4+
Ke7 34. Bc4 h5 35. b4 g5 36. Rf7+ Ke8 37. Rf5 Ke7 38. b5 Be4 39. Rxg5 Kf6 40.
Rg8 Bd5 41. Rf8+ Ke7 42. Rxf2 Bxc4 43. b6 axb6 44. cxb6 Kd7 45. Rf5 Nxh2 1-0

[Event "Najdorf Mem Open A 2016"]
[Site "Warsaw POL"]
[Date "2016.07.09"]
[Round "2.16"]
[White "Jumabayev, Rinat"]
[Black "Nasuta, Grzegorz"]
[Result "1/2-1/2"]
[WhiteTitle "GM"]
[BlackTitle "IM"]
[WhiteElo "2613"]
[BlackElo "2417"]
[WhiteFideId "13702661"]
[BlackFideId "1141686"]
[EventDate "2016.07.08"]

1. Nf3 c5 2. c4 Nc6 3. d4 cxd4 4. Nxd4 Nf6 5. Nc3 e6 6. a3 Be7 7. e4 O-O 8. Nf3
Qc7 9. Be2 b6 10. Bg5 Bb7 11. Rc1 Rac8 12. Bh4 Qb8 13. O-O d6 14. Re1 Ne5 15.
Nd2 Rfe8 16. Bg3 Qa8 17. Bf1 Red8 18. f4 Ng6 19. Kh1 Nd7 20. b4 Bh4 21. Bxh4
Nxh4 22. Qe2 Ng6 23. Qf2 Nf6 24. Kg1 Ba6 25. h3 Bb7 26. Bd3 Nf8 27. Bb1 Ba6 28.
e5 dxe5 29. fxe5 N6d7 30. Nf3 Qb8 31. Ng5 Nxe5 32. Rxe5 Qxe5 33. Nxf7 Qd4 34.
Nxd8 Rxd8 35. Ne2 Qxf2+ 36. Kxf2 Kf7 37. Ke3 Ke7 38. Nd4 Rc8 39. c5 bxc5 40.
Rxc5 Rxc5 41. bxc5 Nd7 42. Nc6+ Kf6 43. Kd4 Bb7 44. Be4 e5+ 45. Nxe5 Nxc5 46.
Bxb7 Nxb7 47. Nc6 Kg5 48. g3 h5 49. Ke3 a5 50. Ne5 Nd6 51. a4 Kf6 52. Nd3 Nf5+
53. Kf3 Nd6 54. Nf4 Nc4 55. Ke4 Nb2 56. Nd5+ Kg5 57. Nc3 Nc4 58. Kd4 Nb2 59. Ke3
Nc4+ 60. Kd4 Nb2 61. Ne4+ Kf5 62. Nc5 h4 63. gxh4 Kg6 64. Kc3 Nxa4+ 65. Nxa4 Kh5
66. Nc5 Kxh4 67. Ne6 Kxh3 68. Nxg7 a4 69. Ne6 a3 70. Nd4 Kg4 71. Nc2 a2 72. Kb2
a1=Q+ 73. Nxa1 1/2-1/2

[Event "Najdorf Mem Open A 2016"]
[Site "Warsaw POL"]
[Date "2016.07.09"]
[Round "2.17"]
[White "Johansson, Linus"]
[Black "Salem, A.R. Saleh"]
[Result "1/2-1/2"]
[WhiteTitle "IM"]
[BlackTitle "GM"]
[WhiteElo "2425"]
[BlackElo "2608"]
[WhiteFideId "1711113"]
[BlackFideId "9301348"]
[EventDate "2016.07.08"]

1. d4 Nf6 2. c4 e6 3. Nc3 Bb4 4. e3 O-O 5. Ne2 d5 6. a3 Be7 7. Ng3 c5 8. cxd5
cxd4 9. exd4 Nxd5 10. Be2 Nc6 11. O-O Bf6 12. Be3 Nb6 13. a4 Bxd4 14. Bxd4 Nxd4
15. a5 Nxe2+ 16. Qxe2 Nd5 17. Rfd1 Nxc3 18. bxc3 Qc7 19. Ne4 Bd7 20. Qd3 Rad8
21. Ng5 g6 22. Qh3 h5 23. Qe3 Bc6 24. Qxa7 Qe5 25. Qe3 Qxa5 26. h4 Qf5 27. f3 e5
28. Qb6 Rd7 29. Qc5 Re8 30. Rd6 Rxd6 31. Qxd6 Qd7 32. Qxd7 Bxd7 33. Ne4 Re7 34.
Nf6+ Kf8 35. g4 hxg4 36. fxg4 Bc8 37. Ra5 Rc7 38. Rxe5 Be6 39. h5 gxh5 40. gxh5
Rxc3 41. Rg5 Ke7 42. Nd5+ Bxd5 43. Rxd5 b6 44. Rb5 Rc5 45. Rxb6 Rxh5 46. Kf2 Ra5 1/2-1/2

[Event "Najdorf Mem Open A 2016"]
[Site "Warsaw POL"]
[Date "2016.07.09"]
[Round "2.18"]
[White "Gajewski, Grzegorz"]
[Black "Lindgren, Philip"]
[Result "1-0"]
[WhiteTitle "GM"]
[BlackTitle "IM"]
[WhiteElo "2605"]
[BlackElo "2411"]
[WhiteFideId "1116207"]
[BlackFideId "1713230"]
[EventDate "2016.07.08"]

1. d4 Nf6 2. c4 e6 3. Nc3 Bb4 4. Nf3 d5 5. Qa4+ Nc6 6. e3 O-O 7. Qc2 dxc4 8.
Bxc4 a6 9. O-O Bd6 10. a3 Bd7 11. b4 Qe7 12. e4 e5 13. Bg5 exd4 14. Nd5 Qd8 15.
Rfe1 Be6 16. Rad1 Bxd5 17. Bxd5 Ne5 18. Nxe5 Bxe5 19. f4 Bd6 20. e5 h6 21. Bxf6 1-0

[Event "Najdorf Mem Open A 2016"]
[Site "Warsaw POL"]
[Date "2016.07.09"]
[Round "2.19"]
[White "Bilguun, Sumiya"]
[Black "Mista, Aleksander"]
[Result "1/2-1/2"]
[WhiteTitle "FM"]
[BlackTitle "GM"]
[WhiteElo "2419"]
[BlackElo "2584"]
[WhiteFideId "4901541"]
[BlackFideId "1110381"]
[EventDate "2016.07.08"]

1. e4 c5 2. Nf3 g6 3. d4 cxd4 4. Nxd4 Bg7 5. Nc3 Nc6 6. Be3 Nf6 7. Be2 O-O 8.
O-O d6 9. h3 a6 10. Qd2 Nxd4 11. Bxd4 b5 12. a3 Bb7 13. Bf3 Rc8 14. Bxf6 exf6
15. Bg4 Rc5 16. Rad1 a5 17. Qxd6 Qxd6 18. Rxd6 b4 19. axb4 axb4 20. Na2 Bxe4 21.
Nxb4 1/2-1/2

[Event "Najdorf Mem Open A 2016"]
[Site "Warsaw POL"]
[Date "2016.07.09"]
[Round "2.20"]
[White "Tomczak, Jacek"]
[Black "Menezes, Christoph"]
[Result "1-0"]
[WhiteTitle "GM"]
[BlackTitle "IM"]
[WhiteElo "2583"]
[BlackElo "2398"]
[WhiteFideId "1124668"]
[BlackFideId "1617001"]
[EventDate "2016.07.08"]

1. e4 e5 2. Nf3 Nc6 3. Bb5 Nf6 4. d4 exd4 5. e5 Ne4 6. O-O a6 7. Bxc6 dxc6 8.
Nxd4 Be7 9. Be3 O-O 10. f3 Nc5 11. Qe2 Qe8 12. Nc3 Kh8 13. Qf2 Ne6 14. Nf5 f6
15. Nxe7 Qxe7 16. exf6 Qxf6 17. f4 Qf5 18. Rad1 b5 19. Qf3 h5 20. Qxc6 Rb8 21.
Rd5 Qf7 22. Re5 Nd8 23. Qd5 Bf5 24. Bc5 Qxd5 25. Nxd5 Rf7 26. Ne3 Bg6 27. Rg5
Rf6 28. f5 Be8 29. Bd4 Rf7 30. Rxh5+ Kg8 31. Rh4 Nc6 32. Bc5 Rd8 33. Rf3 1-0

[Event "Najdorf Mem Open A 2016"]
[Site "Warsaw POL"]
[Date "2016.07.09"]
[Round "2.21"]
[White "Abdumalik, Zhansaya"]
[Black "Donchenko, Alexander"]
[Result "1/2-1/2"]
[WhiteTitle "WGM"]
[BlackTitle "GM"]
[WhiteElo "2382"]
[BlackElo "2583"]
[WhiteFideId "13703544"]
[BlackFideId "24603295"]
[EventDate "2016.07.08"]

1. e4 c5 2. Nf3 d6 3. d4 cxd4 4. Nxd4 Nf6 5. Nc3 a6 6. h3 e5 7. Nde2 b5 8. g4 b4
9. Nd5 Nxd5 10. exd5 h5 11. gxh5 Rxh5 12. a3 bxa3 13. Rxa3 Nd7 14. Bg2 Nf6 15.
O-O Be7 16. c4 Rb8 17. Rc3 a5 18. b3 Qb6 19. Be3 Qa6 20. Bc1 a4 21. bxa4 Rb4 22.
Qd3 Rxa4 23. Qc2 Bd8 24. Qb3 Bd7 25. Ba3 Rh4 26. f4 e4 27. Rb1 Qa7+ 28. Kf1 Qa6
29. Kg1 Qa7+ 30. Kf1 1/2-1/2